000 00504nam a2200181Ia 4500
005 20250508151420.0
008 008 250505s9999 xx 000 0 eng d
037 _aTextual
040 _aFEDL
_beng
_cFEDL
041 _aeng
_2eng
084 _a629.2, NEV
_qFEDL
100 _aNevins Allan
245 0 _aFord the times, the man the company
260 _aNew York, USA
_bCharles Scribber's Sons
_c1954
300 _axvi,688p.
942 _cTEXL
_h629.2, NEV
999 _c1329633
_d1329633